Statistics for Birds by pictures #1

Click here to take the quiz!

General Stats

  • This quiz has been taken 25 times
  • The average score is 10 of 16

Answer Stats

Answer% Correct
Mallard duck
100%
Tawny owl
100%
Indian peacock
95%
Raven
95%
Dodo
91%
Bee hummingbird
82%
Kiwi
82%
Harpy eagle
68%
Harris hawk
68%
Scarlet macaw
68%
Bluebird
41%
Parakeet
41%
Secretary bird
32%
Kea
14%
Quetzal
9%
Oropendola
5%

Score Distribution

Percentile by Number Answered

Percent of People with Each Score

Your Score History

You have not taken this quiz